zpět

Detail výsledku týmu

Music Bar Forea, Lanškroun

Datum a čas kvízu

36.5 Celkem bodů Celkový počet nahraných bodů na tomto kvízu bez doplňovacích otázek.
1. Pořadí na kvízu Konečné umístění týmu na tomto kvízu.

Zaznamenané odpovědi

# Otázka Odpověď Body Výsledky
1. Automobilka Škoda v minulém tý... Laurin & Klement Kampus 1
2. Papež František schválil svato... Boží influencer 0
3. Která hollywoodská herečka si... Scarlett Johansson 1
4. V pondělí se podíval do vesmír... nejstarší člověk ve vesmíru 1
5. Který klub, jenž byl ještě ned... Příbram 1
6. Jak se nazývají dva nejdůležit... Franská říše, Byzantská (Východořímská) říše 1
7. Jak se jmenoval významný střed... Magna Carta (Magna charta libertatum) 1
8. Na fotografii vidíme sochu prv... Arnošt z Pardubic 1
9. Vytvořte z těchto středověkých... 1B 2C 3D 4A 0
10. Závěrem tématu se podíváme na... tulipán 0